Capitales avec la lettre K comme troisième lettre - Statistiques

Statistiques générales
  • Ce quiz a été pris 125 fois
    54 depuis la dernière actualisation
  • Le résultat moyen est 4 sur 6
Statistiques - réponses
Réponse % Correct
Pékin
87%
Tokyo
83%
Bakou
77%
Ankara
70%
Dakar
57%
Nuku’alofa
57%
Aucun quiz correspondant
Distribution des résultats
% des personnes avec chaque résultat
Percentile par nombre de réponses
Votre historique - résultats
Vous n’avez pas pris ce quiz depuis la dernière actualisation